| 000 | 00405nam a22001457a 4500 | ||
|---|---|---|---|
| 020 | _a0-8018-3589-5 | ||
| 082 |
_a388.3144 _bWAT _cL-18-P-38 |
||
| 100 |
_aThawat Watanatada Ashok _938675 |
||
| 245 | _aVehicl speeds and operating costs | ||
| 260 |
_aLondaon _bThe world bank |
||
| 300 |
_ax, 460 p. : _bill _c24 cm. |
||
| 526 |
_a0 _b0 _c0 _d388_314400000000000_WAT |
||
| 650 |
_aMCE _9379 |
||
| 942 |
_2ddc _cBK |
||
| 999 |
_c543325 _d543325 |
||